Process systems analysis and control (Record no. 13575)

000 -LEADER
fixed length control field 00578nam a22002051 4500
001 - CONTROL NUMBER
control field 13575
003 - CONTROL NUMBER IDENTIFIER
control field BD-DhUET
008 - FIXED-LENGTH DATA ELEMENTS--GENERAL INFORMATION
fixed length control field 730306s1965 nyua b 000 0 eng
040 ## - CATALOGING SOURCE
Original cataloging agency DLC
Transcribing agency DLC
Modifying agency BD-DhUET
082 ## - DEWEY DECIMAL CLASSIFICATION NUMBER
Classification number 660.284
Item number COU/1965
100 1# - MAIN ENTRY--PERSONAL NAME
Personal name Coughanowr, Donald R.
245 10 - TITLE STATEMENT
Title Process systems analysis and control
250 ## - EDITION STATEMENT
Edition statement 1st ed.
260 ## - PUBLICATION, DISTRIBUTION, ETC. (IMPRINT)
Place of publication, distribution, etc. New York
Name of publisher, distributor, etc. McGraw-Hill
Date of publication, distribution, etc. 1965
300 ## - PHYSICAL DESCRIPTION
Extent xii, 491 p.
Other physical details ill.
Dimensions 21 cm.
490 ## - SERIES STATEMENT
Series statement McGraw-Hill chemical engineering series
650 #0 - SUBJECT ADDED ENTRY--TOPICAL TERM
Topical term or geographic name as entry element Control devices process engineering
700 ## - ADDED ENTRY--PERSONAL NAME
Personal name Koppel, Lowell B.
942 ## - ADDED ENTRY ELEMENTS (KOHA)
Koha item type General Book
Holdings
Shelving location Sublocation or collection (holding branch) Koha full call number Price effective from Damaged status Piece designation (barcode) Koha item type Koha issues (times borrowed) Koha normalized classification for sorting Source of classification or shelving scheme Koha date last borrowed Copy number Location (home branch) Not for loan Withdrawn status Lost status Date acquired Koha date last seen
Circulation sectionCentral Library, BUET660.284/COU/19652015-03-03 29699General Book 660_284000000000000_COU_1965  1Central Library, BUET   2015-03-032015-03-03
Circulation sectionCentral Library, BUET660.284/COU/19652015-03-03 29689General Book1660_284000000000000_COU_1965 2017-05-092Central Library, BUET   2015-03-032017-05-09
Circulation sectionCentral Library, BUET660.284/COU/19652015-03-03 29697General Book 660_284000000000000_COU_1965  3Central Library, BUET   2015-03-032015-03-03
Circulation sectionCentral Library, BUET660.284/COU/19652015-03-03 29692General Book 660_284000000000000_COU_1965  4Central Library, BUET   2015-03-032015-03-03
Circulation sectionCentral Library, BUET660.284/COU/19652015-03-03 29698General Book 660_284000000000000_COU_1965  5Central Library, BUET   2015-03-032015-03-03
Circulation sectionCentral Library, BUET660.284/COU/19652015-03-03 29690General Book 660_284000000000000_COU_1965  6Central Library, BUET   2015-03-032015-03-03
Cataloging to CirculationCentral Library, BUET660.284/COU/19652015-03-03 29688General Book 660_284000000000000_COU_1965  7Central Library, BUET   2015-03-032015-03-03
Circulation sectionCentral Library, BUET660.284/COU/19652015-03-04 34519General Book 660_284000000000000_COU_1965  8Central Library, BUET   2015-03-042015-03-04
Circulation sectionCentral Library, BUET660.284/COU/19652015-05-11 29694General Book 660_284000000000000_COU_1965  9Central Library, BUET   2015-05-112015-05-11
Circulation sectionCentral Library, BUET660.284/COU/19652015-05-11 29696General Book 660_284000000000000_COU_1965  10Central Library, BUET   2015-05-112015-05-11
Circulation sectionCentral Library, BUET660.284/COU/19652015-05-13 29695General Book 660_284000000000000_COU_1965  11Central Library, BUET   2015-05-132015-05-13
Circulation sectionCentral Library, BUET660.284/COU/19652015-05-14 17869General Book 660_284000000000000_COU_1965  12Central Library, BUET   2015-05-142015-05-14
Circulation sectionCentral Library, BUET660.284/COU/19652015-05-18 15822General Book 660_284000000000000_COU_1965  13Central Library, BUET   2015-05-182015-05-18
Reading sectionCentral Library, BUET660.284/COU/19652015-06-20 29700General Book 660_284000000000000_COU_1965  14Central Library, BUET   2015-06-202015-06-20
Reading sectionCentral Library, BUET660.284/COU/19652015-06-20 29701General Book 660_284000000000000_COU_1965  15Central Library, BUET   2015-06-202015-06-20
Circulation sectionCentral Library, BUET660.284/COU/19652015-07-10 16716General Book 660_284000000000000_COU_1965  16Central Library, BUET   2015-07-102015-07-10